000 00332nam a2200145Ia 4500
008 230312s9999||||xx |||||||||||||| ||und||
020 _a0-00712276-4
082 _a941.0730
_bFOR-G
100 _aForeman;Amanda
245 0 _aGeorgiana's World
260 _bForeman
_c2001
300 _a251
650 _aArchitecture
942 _cBK
999 _c12080
_d12080